New Testament criticism & interpretation / (Record no. 7569)

MARC details
000 -LEADER
fixed length control field 00729nam a22002172 4500
001 - CONTROL NUMBER
control field 0000008444
005 - DATE AND TIME OF LATEST TRANSACTION
control field 20151217152033.0
008 - FIXED-LENGTH DATA ELEMENTS--GENERAL INFORMATION
fixed length control field 080411s xx 000 0 eng d
020 ## - INTERNATIONAL STANDARD BOOK NUMBER
International Standard Book Number 031051911x :
Terms of availability KES 3050
040 ## - CATALOGING SOURCE
Original cataloging agency KABU
Transcribing agency KABU
245 10 - TITLE STATEMENT
Title New Testament criticism & interpretation /
Statement of responsibility, etc. editors, David Alan Black & David S. Dockery.
260 ## - PUBLICATION, DISTRIBUTION, ETC. (IMPRINT)
Place of publication, distribution, etc. Grand Rapids, MI :
Name of publisher, distributor, etc. Zondervan,
Date of publication, distribution, etc. 1991.
300 ## - PHYSICAL DESCRIPTION
Extent 619 p.
650 #0 - SUBJECT ADDED ENTRY--TOPICAL TERM
Topical term or geographic name as entry element Bible. N. T.
General subdivision Hermeneutics.
-- 0000159005
650 #0 - SUBJECT ADDED ENTRY--TOPICAL TERM
Topical term or geographic name as entry element Bible. N. T.
General subdivision Criticism, interpretation, etc.
-- 0000157915
700 1# - ADDED ENTRY--PERSONAL NAME
Personal name Black, David Alan.
-- 0000149308
700 1# - ADDED ENTRY--PERSONAL NAME
Personal name Dockery, David S.
-- 0000159006
908 ## - PUT COMMAND PARAMETER (RLIN)
Put command parameter 080411
950 ## - LOCAL HOLDINGS (RLIN)
-- 1
Holdings
Withdrawn status Lost status Source of classification or shelving scheme Not for loan Home library Current library Date acquired Total Checkouts Full call number Barcode Date last seen Price effective from Koha item type
    Library of Congress Classification   Kabarak, Main Campus Kabarak, Main Campus 17/12/2015   BS2331 .N49 005936 02/08/2024 17/12/2015 General Collection
Designed with assistance from East African Informatics Ltd